000 00352nam a22001577a 4500
003 MPLRDC
005 20220104114648.0
008 210129b ||||| |||| 00| 0 eng d
082 _a192.1 ZZY
100 _a赵宗予
245 _a平凡的话
_c
260 _a
_b标准出版社
_c1971
300 _b
650 _a修身
942 _cBK
_o192.1 ZZY
999 _c9234
_d9224